Household Items - Picture Quiz - Statistics

General Stats
  • This quiz has been taken 142 times
  • The average score is 8 of 10
Answer Stats
Picture Answer % Correct
Microwave
99%
Toilet Paper
97%
Clock
93%
Sponge
91%
Tissue
90%
Light Bulb
89%
Trash Bag / Garbage Bag
87%
Broom
81%
Ladle
61%
Diaper
36%
No matching quizzes found
Score Distribution
Percent of People with Each Score
Percentile by Number Answered
Your Score History
You have not taken this quiz